Atlas básico à volta da Terra (Registo nº 2751)

Detalhes MARC
000 -Etiqueta do registo
Cabeçalho 00920nam a22003011 4500
005 - Identificador da versão
Campo de controlo 20240813121944.0
095 ## -
-- PTBN00690030
010 ## - Número internacional normalizado dos livros (ISBN)
Número (ISBN) 9724114996
021 ## - Número do Depósito Legal
Código do país PT
Número 76278/94
100 ## - Dados gerais de processamento
Dados gerais de processamento 19950409d1994 cd y0pory5003 ba
102 ## - Pais de publicação ou produção
País de publicação Portugal
101 1# - Língua de publicação
Língua do texto, banda sonora, etc. Português
Língua do documento no original Francês
106 ## - Campo de dados codificados: material textual
Dados codificados do material textual r
105 ## - Campo de dados codificados: livros
Dados codificados dos livros a z 001yy
215 ## - Descrição física 
Indicação específica da natureza do documento e extensão da espécie 50 p.
Outras indicações físicas il.
Dimensões 34 cm
200 1# - Titulo e menção de responsabilidade
Título próprio Atlas básico à volta da Terra
Primeira menção de responsabilidade Jean-François Dutilh
Outras menções de responsabilidade il. Véronique Ageorges... [et al.]
-- rev. Josiane Thiriot
-- trad. Fernando Sá Couto
210 ## - Publicação, Distribuição, etc. 
Lugar da edição, distribuição, etc. Porto
Nome do editor, distribuidor, etc. ASA
Data da publicação, distribuição, etc. D.L. 1994
606 ## - Nome comum usado como assunto
Número de registo de entrada de autoridade 0001467
Palavra de ordem Geografia
Subdivisão de assunto Atlas
675 ## - Classificação Decimal Universal (CDU)
Notação 91
Edição
Língua da edição por
702 #1 - Nome de autor-pessoa física (responsabilidade secundária)
Número de registo de entrada de autoridade 0001703
Palavra de ordem Ageorges
Outra parte do nome não tomada para palavra de ordem Verónique
Datas 1952-
Código de função Ilustrador / Técnico de desenho computorizado
Número de registo de entrada de autoridade 0001704
Palavra de ordem Thiriot
Outra parte do nome não tomada para palavra de ordem Josiane
Código de função Revisor
Número de registo de entrada de autoridade 0001705
Palavra de ordem Couto
Outra parte do nome não tomada para palavra de ordem Fernando Sá
Código de função Tradutor
700 #1 - Nome de autor-pessoa física (responsabilidade principal)
Número de registo de entrada de autoridade 0001702
Palavra de ordem Dutilh
Outra parte do nome não tomada para palavra de ordem Jean-François
942 ## - Elementos de entrada adicionados (Koha)
Tipo de item no Koha Livro
Exemplares
Situação do levantamento Origin of item (home branch) (coded) Biblioteca de empréstimo Código de barras Cota Circulation type (not for loan) Tipo de documento Nota do exemplar Damaged status
  Biblioteca Escolar da Coca Maravilhas Biblioteca Escolar da Coca Maravilhas BECM2728/95 9GEO ATL   Livro Sem mensagem